000 05264cam a2200805 i 4500
001 19618235
003 BJBSDDR
005 20260421160645.0
006 a|||||r|||| 00| 0
007 ta
008 170428s2017 nyua r 000 0deng c
010 _a 2017941348
020 _a9780316512589
_q(hardcover)
020 _a0316512583
_q(hardcover)
020 _a9780316512596
_q(deluxe slipcased edition)
020 _a0316512591
_q(deluxe slipcased edition)
035 _a19618235
035 _a(OCoLC)982093620
037 _bLittle Brown & Co, 53 State st 9th Fl, Boston, MA, USA, 02109, (617)2270730
_nSAN 200-2205
040 _aBTCTA
_beng
_cBTCTA
_erda
_dYDX
_dBDX
_dBYV
_dTOH
_dYQR
_dCPL
_dIGA
_dZHB
_dIUK
_dFFL
_dIBI
_dGK8
_dDAD
_dPFLCL
_dFMB
_dTCH
_dT3B
_dVP@
_dNHP
_dOCLCF
_dKYC
_dNDS
_dOBE
_dCSA
_dTXLPL
_dWIMVL
_dTU6
_dOV4
_dIDS
_dJO3
_dCNEDM
_dVTU
_dJSU
_dIUL
_dKE7
_dP@N
_dAZD
_dOCLCQ
_dGZN
_dOCLCO
_dLE@
_dXK4
_dUPM
_dICJ
_dILK
_dJUX
_dNRC
_dOCLCQ
_dINO
_dOCLCO
_dJX6
_dUP5
_dJP3
_dBFI
_dWTU
_dTXWAL
_dEYM
_dGRC
_dILM
_dPNX
_dIOS
_dCUY
_dCCH
_dDKC
_dLSH
_dB@L
_dHLS
_dDUD
_dST5
_dFPB
_dFJD
_dFYM
_dTOP
_dTCJ
_dMJ8
_dKYD
_dFSP
_dXOJ
_dTEU
_dHCO
_dGXR
_dOI6
_dGILDS
_dOWE
_dNFR
_dMND
_dMDK
_dPX9
_dPAU
_dJPI
_dJZM
_dUOK
_dEYB
_dORK
_dFTX
_dCREBL
_dYS@
_dGOU
_dM@S
_dETC
_dOJ4
_dSDB
_dXZ9
_dRCL
_dMUO
_dFQG
_dOCK
_dCPS
_dSPP
_dJY4
_dOCLCQ
_dNAM
_dT7A
_dTWJ
_dLEPLL
_dIDB
_dWYZ
_dPEX
_dPLS
_dNTG
_dFIC
_dFMU
_dJGS
_dZPX
_dINT
_dIH7
_dJX7
_dALV
_dJDP
_dFLWMD
_dVAN
_dCRP
_dJN8
_dBPE
_dT3H
_dCGP
_dTXUPP
_dTXLYM
_dBPLCP
_dOVY
_dHLNDP
_dTXGPM
_dKOTUI
_dW8A
_dHZH
_dMLSOD
_dCUI
_dTX7
_dWYU
_dOCLCQ
_dRKWLC
_dDLC
041 _aeng
042 _apcc
043 _an-us---
050 0 0 _aE908
_b.S729o 2017
082 0 0 _a973.932092
_223
100 _aSouza, Pete,
_d1954-
_ephotographer.
_91777
245 1 0 _aObama :
_ban intimate portrait /
_cPete Souza ; foreword by Barack Obama.
250 _aFirst edition.
264 1 _aNew York, NY :
_bLittle, Brown and Company,
_c2017.
264 4 _c©2017
300 _a349 pages :
_billustrations (chiefly color) ;
_c26 x 32 cm
336 _atext
_btxt
_2rdacontent
336 _astill image
_bsti
_2rdacontent
337 _aunmediated
_bn
_2rdamedia
338 _avolume
_bnc
_2rdacarrier
500 _a"44"--Cover.
505 0 _aForeword / Barack Obama -- Introduction -- First Term -- Second Term.
520 _aDuring Barack Obama's two terms, Pete Souza was with the President during more crucial moments than anyone else, and he photographed them all. Souza captured nearly two million photographs of President Obama, in moments highly classified and disarmingly candid. Now he presents more than 300 of the most iconic photographs with fine-art print quality in an oversize format. Together they document the most consequential hours of the Presidency (including the historic image of Obama and his advisors in the Situation Room during the bin Laden mission) alongside unguarded moments with the President's family, his encounters with children, interactions with world leaders and cultural figures, and more. Souza's photographs, with the behind-the-scenes captions and stories that accompany them, communicate the pace and power of our nation's highest office. They also reveal the spirit of the man who became our President. We see President Obama lead our nation through monumental challenges, comfort us in calamity and loss, share in hard-won victories, and set an example to "be kind and be useful," as he would instruct his daughters.
600 1 0 _aObama, Barack
_vPortraits.
600 1 0 _aObama, Barack
_vPictorial works.
600 1 0 _aObama, Barack
_xFamily
_vPictorial works.
600 3 0 _aObama family.
600 1 7 _aObama, Barack.
_2fast
_0(OCoLC)fst00348231
600 3 7 _aObama family.
_2fast
_0(OCoLC)fst01770768
650 0 _aPresidents
_zUnited States
_vPictorial works.
650 0 _aPresidents
_zUnited States
_xFamily
_vPictorial works.
650 4 _anew list current.
650 7 _aPHOTOGRAPHY
_xHistory.
_2bisacsh
650 7 _aPHOTOGRAPHY
_xIndividual Photographers
_xArtists' Books.
_2bisacsh
650 7 _aPHOTOGRAPHY
_xPhotojournalism.
_2bisacsh
650 7 _aPHOTOGRAPHY
_xSubjects & Themes
_xCelebrity.
_2bisacsh
650 7 _aFamilies.
_2fast
_0(OCoLC)fst01728849
650 7 _aPresidents.
_2fast
_0(OCoLC)fst01075723
650 7 _aPresidents
_xFamily.
_2fast
_0(OCoLC)fst01075761
650 7 _aPresidents
_zUnited States
_vPictorial works.
_2sears
651 7 _aUnited States.
_2fast
_0(OCoLC)fst01204155
651 7 _aUnited States
_xHistory
_y21st century.
_2sears
655 4 _aBiographies.
655 7 _aIllustrated works.
_2fast
_0(OCoLC)fst01423873
655 7 _aPictorial works.
_2fast
_0(OCoLC)fst01423874
655 7 _aPortraits.
_2fast
_0(OCoLC)fst01423831
655 7 _aIllustrated works.
_2lcgft
700 1 _aObama, Barack,
_d1961-
_ewriter of foreword.
_9497
856 4 2 _uhttp://www.petesouza.com/
856 4 2 _iInput this URL in a browser to get HTML More Info data.
_qHTML
_uhttp://firstsearch.oclc.org/WebZ/DECRead?standardNoType=1&standardNo=0316512583&sessionid=0&srcdbname=worldcat&key=443d0548434cf1a05b49bf5265bfda4fcbcfb61098d958bb7e1d89b649d52caa&ectype=MOREINFO
_3More Info
906 _a7
_bcbc
_cpccadap
_d2
_eepcn
_f20
_gy-gencatlg
942 _2lcc
_n0
_cBK
946 _illh
999 _c126881
_d126881